000 00814nam a22002175i 4500
001 165661
003 ES-MaACL
005 20250815062648.0
008 991019q1900 sp |||| | spa d
080 _a364-54
100 1 _aSpencer, Herbert,
_d1820-1903
_9107684
245 1 3 _aLa beneficencia /
_cpor Herbert Spencer ; traducción directa del inglés por Miguel de Unamuno.
260 _aMadrid :
_bLa España Moderna,
_c[ca. 1900] (
_fImp. Agustín Avrial)
300 _a261 p. ;
_c23 cm.
490 1 _aBiblioteca de jurisprudencia, filosofía e historia
650 4 _aBeneficencia.
_9135682
700 1 _aUnamuno, Miguel de,
_d1864-1936
_9111982
830 1 0 _aBiblioteca de jurisprudencia, filosofía e historia
_9180691
852 _aES-MaACL
_jB-12431
_z- Enc. pasta española
999 _c165661
_d165661